| 000 | 00722nam a2200205 i 4500 | ||
|---|---|---|---|
| 001 | 187129 | ||
| 003 | SpMaBN | ||
| 005 | 20250930063159.0 | ||
| 008 | 170420q1933 sp a |||| | spa d | ||
| 080 | _a616.3 | ||
| 100 | 1 |
_aFernández, Fidel, _d1890-1942 _9162426 |
|
| 245 | 1 | 0 |
_aEnfermedades del intestino, del hígado y de las vías biliares / _cFidel Fernández Martínez. |
| 250 | _aEd. limitada de 1.000 ejemp. num. | ||
| 260 |
_aMadrid : _bLa Voz Médica, _c[h. 1933] ( _eToledo) |
||
| 300 |
_aV, [3], 19-304 p. : _bil. ; _c20 cm. |
||
| 596 | _aFecha aproximada de publ. tomada de p. V. | ||
| 650 | 0 | 4 |
_aAparato digestivo- _xEnfermedades. _99906 |
| 852 |
_aES-MaACL _jL-31452 |
||
| 999 |
_c187129 _d187129 |
||